| 000 | 00748nam a22002417a 4500 | ||
|---|---|---|---|
| 999 |
_c33749 _d33749 |
||
| 001 | 3035 | ||
| 003 | CO-MdFUSB | ||
| 005 | 20180622073128.0 | ||
| 008 | 180420t1993 sp ||||| |||| 00| 0 spa d | ||
| 040 |
_aCO-MdFUSB _bspa _cCO-MdFUSB _dCO-MdFUSBC _erda |
||
| 041 | 0 | _aeng | |
| 082 | 0 | 4 | _aG 228 C7643r |
| 100 | 1 |
_aContreras Molina, Francisco _eautor |
|
| 245 | 1 | 0 |
_aReseña Bíblica _b : Apocalíptica y milenarismo _c/ Francisco Contreras Molina, Domingo Muñoz León |
| 264 | 4 |
_aEstella, Navarra : _bVerbo Divino, _c©1993 |
|
| 300 | _a72 Pag. | ||
| 336 |
_2rdacontent _atexto _btxt |
||
| 337 |
_2rdamedia _asin mediación _bn |
||
| 338 |
_2rdacarrier _avolumen _bnc |
||
| 653 | _aMileniarismo | ||
| 653 | _aLiteratura apocalíptica | ||
| 942 | _cBK | ||